<?xml version="1.0" encoding="UTF-8"?>
<record
    xmlns:xsi="http://www.w3.org/2001/XMLSchema-instance"
    xsi:schemaLocation="http://www.loc.gov/MARC21/slim http://www.loc.gov/standards/marcxml/schema/MARC21slim.xsd"
    xmlns="http://www.loc.gov/MARC21/slim">

  <leader>01151cam a2200205 i 4500</leader>
  <datafield tag="020" ind1=" " ind2=" ">
    <subfield code="a">9781451190892 (alk. paper)</subfield>
  </datafield>
  <datafield tag="020" ind1=" " ind2=" ">
    <subfield code="a">1451190891 (alk. paper)</subfield>
  </datafield>
  <datafield tag="082" ind1="0" ind2="0">
    <subfield code="a">616.07/5 </subfield>
  </datafield>
  <datafield tag="100" ind1=" " ind2=" ">
    <subfield code="a">Fischbach,Dunning</subfield>
  </datafield>
  <datafield tag="245" ind1="0" ind2="2">
    <subfield code="a">A manual of laboratory and diagnostic tests /</subfield>
  </datafield>
  <datafield tag="250" ind1=" " ind2=" ">
    <subfield code="a">Ninth edition.</subfield>
  </datafield>
  <datafield tag="300" ind1=" " ind2=" ">
    <subfield code="a">xiii, 1261 pages :</subfield>
    <subfield code="b">color illustrations ;</subfield>
  </datafield>
  <datafield tag="505" ind1="0" ind2=" ">
    <subfield code="a">Diagnostic testing -- Blood studies : hematology and coagulation -- Urine studies -- Stool studies -- Cerebrospinal fluid studies -- Chemistry studies -- Microbiologic studies -- Immunodiagnostic studies -- Nuclear medicine studies -- X-ray studies -- Cytologic, histologic, and genetic studies -- Endoscopic studies -- Ultrasound studies -- Pulmonary function, arterial blood gases (abgs), and electrolyte studies -- Prenatal diagnosis and tests of fetal well-being -- Special diagnostic, special specimen collection, and postmortem studies.</subfield>
  </datafield>
  <datafield tag="650" ind1=" " ind2="0">
    <subfield code="a">Medical technologists.</subfield>
  </datafield>
  <datafield tag="650" ind1="1" ind2="2">
    <subfield code="a">Clinical Laboratory Techniques</subfield>
  </datafield>
  <datafield tag="650" ind1="2" ind2="2">
    <subfield code="a">Diagnostic Techniques and Procedures</subfield>
  </datafield>
  <datafield tag="700" ind1="1" ind2=" ">
    <subfield code="a">Fischbach, Frances Talaska,</subfield>
  </datafield>
  <datafield tag="700" ind1="1" ind2=" ">
    <subfield code="a">Dunning, Marshall Barnett,</subfield>
  </datafield>
  <datafield tag="942" ind1=" " ind2=" ">
    <subfield code="c">BK</subfield>
  </datafield>
  <datafield tag="999" ind1=" " ind2=" ">
    <subfield code="c">2237</subfield>
    <subfield code="d">2237</subfield>
  </datafield>
  <datafield tag="952" ind1=" " ind2=" ">
    <subfield code="0">0</subfield>
    <subfield code="1">0</subfield>
    <subfield code="7">0</subfield>
    <subfield code="8">NFIC</subfield>
    <subfield code="a">IC</subfield>
    <subfield code="b">IC</subfield>
    <subfield code="c">GEN</subfield>
    <subfield code="d">2015-09-20</subfield>
    <subfield code="g">5932.50</subfield>
    <subfield code="l">0</subfield>
    <subfield code="o">616.07/5 FIS</subfield>
    <subfield code="p">006949</subfield>
    <subfield code="r">2015-09-20 00:00:00</subfield>
    <subfield code="y">REF</subfield>
  </datafield>
</record>
